000 01116cam a22002651i 4500
003 SA_RiAUC
005 20250223060631.0
008 250129s2010 su g f000 0 ara c
020 _a9789960039190
040 _aMADISLA
_bara
_cSA-RiAUC
_erda
082 0 4 _a251.15
_qSA-RiAUC
090 _a251.15
_bس د ي
100 1 _aالسديس، عبد الرحمن بن عبد العزيز،
_d1382 هجري-
_eمؤلف.
245 1 2 _aالتكييف الأصولي وأثره في النوازل المعاصرة :
_bدراسة تأصيلية تطبيقية /
_cعبد الرحمن بن عبد العزيز.
250 _aالطبعة الأولى.
264 1 _aمكة المكرمة :
_bجامعة أم القرى، مركز بحوث الدراسات الإسلامية،
_c2010
300 _a239 صفحة ؛
_c24 سم.
336 _aنص
_btxt
_2rdacontent
_3كتاب
337 _aبدون وسيط
_bn
_2rdamedia
338 _aمجلد
_bnc
_2rdacarrier
490 0 _aأصول الفقه
650 7 _aالنوازل (أصول فقه)
_2aucsh
942 _2ddc
_cBOOK
_n0
949 _aSA-JeALM
_d250129
_umohamedma123
_n1
999 _c6174
_d6174